100 éves a Kassai Békemaraton

Bibliographic Details
Main Author: Pracu, Eszter (Author)
Format: Article
Language:Hungarian
PhysicalDescription:Fotografia
ISSN:1339-0945
Subjects:
Online Access:https://amikassa.sk/kiveteles-lesz-a-100-nemzetkozi-bekemaraton/

MARC

LEADER 00000nab a2200000u 4500
001 vtls012241845
003 SK-MaSNL
005 20260318124158.0
008 231013|2023 xo ||||||| ||00 ||hun|
038 |a KEVKJB 
040 |a KEVKJB  |b slo  |e rda 
041 0 |a hun 
043 |a e-xo--- 
044 |a xo  |c SK 
072 7 |a 796  |x Šport. Hry. Telesné cvičenia  |2 konspekt 
080 |a 796.422.16  |2 2011 
100 1 |a Pracu, Eszter  |4 aut  |9 1221937 
245 1 0 |a 100 éves a Kassai Békemaraton  |c Pracu Eszter 
300 |b Fotografia 
336 |a text  |b txt  |2 rdacontent 
337 |a bez média  |b n  |2 rdamedia 
338 |a zväzok  |b nc  |2 rdacarrier 
610 2 7 |a Východoslovenské múzeum  |2 SNKKA  |9 29561 
611 2 7 |a Medzinárodný maratón mieru  |n (100. :  |d 2023 :  |c Košice, Slovensko)‭  |2 kevkjb  |9 1192383 
650 0 7 |a maratón  |2 SNKPH  |9 22999 
650 0 7 |a výstavy  |2 SNKPH  |9 2780 
651 7 |a Košice (Slovensko)  |2 SNKPHgeo  |9 18694 
773 0 |t Kassai Figyelő  |g Évf. XXI, sz. 10 (2023), o. 5  |x 1339-0945 
852 |a KEVKJB  |b KIS3GCP 
856 4 1 |u https://amikassa.sk/kiveteles-lesz-a-100-nemzetkozi-bekemaraton/ 
958 |a HU 
958 |a NM 
999 |c 2533304  |d 2535234